| 000 | 00967nam a2200241 a 4500 | ||
|---|---|---|---|
| 001 | 48131 | ||
| 003 | BD-RjUL | ||
| 005 | 20211209054451.0 | ||
| 008 | 160811s1993 ii |||| ||| 001 0 ben d | ||
| 020 |
_a81854559053 _c: Tk. 50.00 |
||
| 035 | _a(BD-RjUL)48250 | ||
| 040 |
_aBD-RjUL _bben _cBD-RjUL _dBD-RjUL |
||
| 041 | _aben | ||
| 082 |
_223 _a891.44109 _bDUB 1993 |
||
| 100 | 1 |
_aদত্ত. সন্দীপ _9145847 |
|
| 245 | 1 | 0 |
_aবাংলা কবিতার কালপঞ্জি : _b(১৯২৭-১৯৮৯) / _cসন্দীপ দত্ত |
| 260 |
_aকলকাতা : _bর্যাডিক্যাল ইম্প্রেশন, _c১৯৯৩ |
||
| 300 |
_a[৮] ১৬৮ পৃ, ; _c২১ সেমি. |
||
| 500 | _aনির্ঘন্ট সংযুক্ত | ||
| 650 |
_aবাংলা কবিতা _xইতিহাস ও সমালোচনা _9145848 |
||
| 650 |
_aBengali Poetry _9145849 |
||
| 942 |
_2ddc _cBK |
||
| 999 |
_c48131 _d48131 |
||